00609nam a22001577a 4500020001500000082002000015245010500035246002900140260006000169300001000229650001400239700005900253942000700312999001900319952011300338 a8186868062 a894.8126bJOS.M aമാനിക്കേയൻ കുരിശു വിവാദം /cedited by Joseph Pulikunnel. aManikeyan kurisu vivadam aKerala :bIndian institute of christian studies,c1999. a152p. aMalayalam aജോസഫ്, പുളികുന്നേൽ. cBK c368403d368403 001040708NFICaDKSbDKScGENd2021-09-02l0o894.8126 JOS.MpDKS8175r2021-09-02 00:00:00w2021-09-02yBK